| 000 | 02937cam a2200361Ia 4500 | ||
|---|---|---|---|
| 001 | MEB027059 | ||
| 003 | OCoLC | ||
| 005 | 20150217162532.0 | ||
| 008 | 120605s2012 paua 001 0 eng d | ||
| 020 | _a9781451150230 | ||
| 035 |
_a(OCoLC)794778017 _z(OCoLC)759908077 _z(OCoLC)798817411 |
||
| 040 |
_aNBO _cNBO _dBTCTA _dBDX _dS4S _dTEF |
||
| 050 | 4 |
_aRM 125 _b.N938 2013 |
|
| 245 | 0 | 0 | _aNursing 2013 drug handbook / |
| 246 | 3 | 0 | _aDrug handbook. |
| 246 | 3 | _aNursing drug handbook. | |
| 250 | _a33rd ed. | ||
| 260 |
_aPhiladelphia, Pa. : _bWolters Kluwer Health/Lippincott Williams & Wilkins, _c2013. |
||
| 300 |
_ax, 1556 p., 32 p. of plates : _bcol. ill. ; _c21 cm. |
||
| 500 | _a"#1 nursing drug guide" -- From cover. | ||
| 500 | _aIncludes index. | ||
| 505 | 2 | _aHow to use Nursing2012 Drug Handbook -- Quick guide to special symbols, logos, and highlighted terms -- Guide to abbreviations -- General information -- 1. Drug actions, interactions, and reactions -- 2. Drug therapy across the lifespan -- 3. Safe drug administration -- 4. Selected drug classifications -- Alphabetical listing of drugs by generic name -- Appendices -- Pregnancy risk categories -- Controlled substance schedules -- Quick guide to combination drugs -- Common combination drugs: indications and dosages -- Vaccines and toxoids: indications and dosages -- Vitamins and minerals: indications and dosages -- Therapeutic drug monitoring guidelines -- Cytochrome P-450 enzymes and common drug interactions -- Drugs that prolong the QTc interval -- Dialyzable drugs -- Abbreviations to avoid -- Herbal supplements -- Drugs that shouldn't be crushed or chewed -- Avoiding common drug errors: best practices and prevention -- Pediatric drugs commonly involved in drug errors -- Elder care medication tips -- Additional new drugs: indications and dosages. | |
| 520 | _aNew features include: generic drugs arranged A to Z; over 3,000 clinical updates, including dosages, warnings, new indications, adverse reactions, and nursing considerations; monographs featuring over 960 generic drugs, including 9 new FDA approvals; updated therapeutic classes throughout; prominently displayed safety information, including tall man letters, black box warnings, clinical alerts, I.V. administration guidelines, overdose signs and symptoms; 3 new safety-related appendices highlighting best practices to avoid drug errors, pediatric drugs involved in drug errors, and elder care medication tips; and expanded photoguide showing nearly 400 actual-size pills. | ||
| 650 | 0 |
_aDrugs _vHandbooks, manuals, etc. |
|
| 650 | 0 |
_aPharmacology _vHandbooks, manuals, etc. |
|
| 650 | 0 |
_aNursing _vHandbooks, manuals, etc. |
|
| 650 | 1 | 2 |
_aDrug Therapy _xNursing _vHandbooks. |
| 650 | 2 | 2 |
_aPharmacology _vHandbooks. |
| 710 | 2 | _aLippincott Williams & Wilkins. | |
| 710 | 2 | _aWolters Kluwer Health. | |
| 740 | 3 | _aNursing two thousand thirteen drug handbook. | |
| 942 |
_2lcc _cBK |
||
| 999 |
_c282714 _d282714 |
||